01129 a2200181 4500003000500000005001700005040000900022082001400031245003700045260006400082300001000146440003500156505056800191650003300759942001400792999001900806952012200825Nust20230718115830.0 cNust a621.3,MAN aManual of Electric Instruments / aNew YorkbMeter & Instrument Division, West Lynn,Massc1949 a140.p aElectrical engineering9101315 aPermanent – Magnet- Moving - Coil Instruments (Page-1), RECTIFIER Instruments (Page-17), Thermocouple Instruments (Page-24), Moving – Iron Ammeters (Page-32), Electrodynameter Instrument (Page-47), Power – Factor Meter (Page-63), Synchroscopes (Page-70), Frequency Meter (Page-77), Recording Instruments (Page-84), Specialized Instruments to Measure Electrical Quantities (Page-98), Specialized Instruments to Measure Electrical Properties (Page-109), Specialized Instruments to Measure Nonelectrical Quantities (Page116), Electric Telemeters (Page-124).  aElectric instruments9113707 2ddccBKB  c190987d190987 00102ddc4070aMCSbMCScGENd2016-12-12o621.3,MANpMCS5870r2016-12-08w2016-12-12yBKzAlmirah No 88, Shelf No 2